| 000 | 00635nam a2200205Ia 4500 | ||
|---|---|---|---|
| 003 | IN-BaIIA | ||
| 008 | 211028s9999 xx 000 0 eng d | ||
| 020 | _a978-0-470-51028-5 | ||
| 040 | _cIIA Library | ||
| 080 |
_a621.396.67 _bHUA |
||
| 100 |
_aHuang, Yi _934155 |
||
| 245 | 0 |
_aAntennas _bfrom theory to practice _cYi Huang and Kevin Boyle |
|
| 260 |
_aWest Sussex _bJohn Wiley & Sons _c2008 |
||
| 300 | _axiv, 363p. | ||
| 650 |
_aAntenna basics _934156 |
||
| 650 |
_aElectronics _91576 |
||
| 650 |
_aRadio communications _934157 |
||
| 700 |
_aBoyle, Kevin _934158 |
||
| 942 | _cBK | ||
| 999 |
_c17950 _d17950 |
||